რჩეული თხზულებანი:ტ.2. სიკვდილი ცოტას მოიცდის (ბიბ.ჩანაწერი № 42546)
[ მარტივი ფორმატი ]
| 000 -LEADER | |
|---|---|
| fixed length control field | 01031nam a2200229Ia 4500 |
| 001 - CONTROL NUMBER | |
| control field | 9244 |
| 003 - CONTROL NUMBER IDENTIFIER | |
| control field | GE_BSU |
| 008 - FIXED-LENGTH DATA ELEMENTS--GENERAL INFORMATION | |
| fixed length control field | 181216s||||||||xx |||||||||||||| ||und|| |
| 040 ## - CATALOGING SOURCE | |
| Transcribing agency | GE_BSU |
| 080 ## - UNIVERSAL DECIMAL CLASSIFICATION NUMBER | |
| Universal Decimal Classification number | 821.353.1-31+821.353.1-32 |
| 100 ## - MAIN ENTRY--PERSONAL NAME | |
| Personal name | ლორთქიფანიძე,კონსტანტინე |
| 245 ## - TITLE STATEMENT | |
| Title | რჩეული თხზულებანი:ტ.2. სიკვდილი ცოტას მოიცდის |
| 245 ## - TITLE STATEMENT | |
| Remainder of title | ერთი რომანი და შვიდი მოთხრობა. რა მოხდა აბაშაში:ქართული სოფლის ქრონიკები |
| 245 ## - TITLE STATEMENT | |
| Statement of responsibility, etc. | რედ.ვ.ძიძიგური.მხატვ. ლ. ცუცქირიძე |
| 260 ## - PUBLICATION, DISTRIBUTION, ETC. | |
| Place of publication, distribution, etc. | თბილისი |
| 260 ## - PUBLICATION, DISTRIBUTION, ETC. | |
| Name of publisher, distributor, etc. | მერანი |
| 260 ## - PUBLICATION, DISTRIBUTION, ETC. | |
| Date of publication, distribution, etc. | 1978 |
| 300 ## - PHYSICAL DESCRIPTION | |
| Extent | 520გვ.ილ.17სმ. |
| 653 ## - INDEX TERM--UNCONTROLLED | |
| Uncontrolled term | თხზულებანი. |
| 653 ## - INDEX TERM--UNCONTROLLED | |
| Uncontrolled term | სიკვდილი ცოტას მოიცდის |
| 942 ## - ADDED ENTRY ELEMENTS (KOHA) | |
| Koha item type | წიგნი |
არაა ხელმისაწვდომი ეგზემპლარები.
